000
00324 a2200121 4500
000
nam a22 7a 4500
005
20260317125110.0
020
_a
9781804294222
100
_a
Jennifer C. Pan
_9
1132313
245
_a
Selling Social Justice: Why the Ruling Class Loves Antiracism
260
_b
Verso
_c
2025
942
_c
TEXL
999
_c
1715613
_d
1715613